Get the Picture: Fictional Trees Quiz Stats

 Plays Quiz Updated Sep 27, 2019

Score 0/12 Timer 02:00
9 Plays Today
Question Answer Wrong Answers
Who created him?
Stan Lee!
Groot
86.9%
Treebeard
4.7%
Whomping Willow
1.8%
Where can you find him?
Knowhere! Or somewhere else (he travels a lot along the galaxy)
Groot
86.7%
Treebeard
5.1%
Whomping Willow
2%
Where can you find him?
Take the Hogwarts Express from London, King's Cross Station Platform 9¾.
Whomping Willow
86.6%
Groot
2.4%
Treebeard
4.6%
Who created him?
J. K. Rowling!
Whomping Willow
86%
Groot
2.5%
Treebeard
5%
Who created him?
J. R. R. Tolkien!
Treebeard
85.9%
Groot
2.5%
Whomping Willow
5.5%
Where can you find him?
Go to the southern end of the Misty Mountains into the Forest of Fangorn
Treebeard
82.5%
Groot
3.2%
Whomping Willow
7.7%
Which tree...?
Activated a bomb killing his teammate Yondu and a Living Planet
Groot
81.9%
Treebeard
8.5%
Whomping Willow
3%
Which tree...?
Was severely injured by the Flying Ford Anglia
Whomping Willow
79.9%
Groot
6.4%
Treebeard
7.2%
When he first appeared?
1954 (printed); 2002 (on screen)
Treebeard
78.2%
Groot
8.7%
Whomping Willow
6.4%
When he first appeared?
1998 (printed); 2002 (on screen)
Whomping Willow
74.7%
Groot
9%
Treebeard
10%
Which tree...?
Speaks with a slow and exhaustive vocabulary.
Treebeard
74.4%
I am Groot
15.2%
Whomping Willow
4%
When he first appeared?
1960 (printed); 2014 (on screen)
Groot
68.8%
Treebeard
20.3%
Whomping Willow
4.5%

Today's Daily Dose

You're not logged in!

Compare scores with friends on all Sporcle quizzes.
OR
Log In

Sporcle TV

Today on Sporcle TV


Watch our educational content, quiz creation guides, and fun videos on Sporcle TV.

Show Comments

Extras

Top Quizzes Today


Score Distribution

Your Account Isn't Verified!

In order to create a playlist on Sporcle, you need to verify the email address you used during registration. Go to your Sporcle Settings to finish the process.

Report this User

Report this user for behavior that violates our Community Guidelines.

Details: